Az önkivégzés képtelensége Bán Samu vallomásaiból

Bibliographic Details
Main Author: Nagy, Lajos Zs., 1935-2005 (Author)
Format: Article
Language:Hungarian
Subjects:

MARC

LEADER 00000nab a2200000 a 4500
001 vtls000533541
003 SK-MaSNL
005 20260309145336.0
008 160202c1994 xo 0 hun
015 |a SNBRB19rr/mm-uuuuu 
035 |a CL0533679 
040 |a SNKBUCL  |b slo  |c SNKBUCL  |e AACR2 
041 0 |a hun 
044 |a xo  |c SK 
080 |a 894.511 (437.6)-7=945.11  |2 1981 
100 1 |a Nagy, Lajos Zs.,  |d 1935-2005  |4 aut  |9 107411 
245 1 3 |a Az önkivégzés képtelensége  |b Bán Samu vallomásaiból  |c Lajos Nagy Zs. 
650 0 7 |a fejtóny satirické  |2 snkbucl  |9 898423 
655 7 |a články z novín a časopisov  |2 snkbucl  |9 267496 
655 7 |a články z odboru literárna veda a krásna literatúra  |2 snkbucl  |9 770045 
773 0 |t Szabad újság  |g Roč. 2, č. 46 (1994), s. 5 
850 |a Slovenská národná knižnica v Martine  |a DSG001 
852 |a SNK  |b KIS3GCP 
958 |a RK 
958 |a HU 
958 |a LX 
992 |a RBX 
999 |c 3365629  |d 3367559